| 000 | 00872nam a2200229Ii 4500 | ||
|---|---|---|---|
| 003 | JO-AjNU | ||
| 008 | 230605s9999||||xx |||||||||||||| ||und|| | ||
| 017 | _a2007/1/172 | ||
| 020 | _a9957-16-307-5 | ||
| 040 |
_aJO-AjNU _bara _erda _cJO-AjNU |
||
| 041 | _aara | ||
| 050 | 1 | 4 | _aK2330.Z9.Q32.2008 |
| 100 | 3 |
_a القضاة ، مفلح عواد , _eauthor _912288 |
|
| 245 | 0 | 0 | _aأصول التنفيذ وفقا لأحداث التعديلات لقانون التنفيذ " دراسة مقارنة " |
| 250 | _aط1 | ||
| 264 | 3 | 1 | _aعمان : دار الثقافة ، 2008 |
| 300 | _a268ص | ||
| 336 |
_atext _btxt _2rdacontent |
||
| 337 |
_aunmediated _bn _2rdamedia |
||
| 338 |
_avolume _bnc _2rdacarrier |
||
| 650 | 4 |
_aالقانون المدني -- أصول التنفيذ -- إجراءات المحاكم -- التنفيذ القانوني -- الأردن _912289 |
|
| 999 |
_aA2761 _c6329 _d6329 |
||